Brand Logos That Start with W - Statistics

General Stats
  • This quiz has been taken 681 times
  • The average score is 9 of 20
Answer Stats
Picture Answer % Correct
Windows
93%
Wikipedia
92%
Whatsapp
90%
Warner Bros.
89%
Wendy's
89%
Walmart
85%
WWE
68%
Wilson
63%
Walgreens
46%
Whiskas
34%
Wella
25%
Wordpress
22%
Wilkinson
20%
Weight Watchers
15%
Western Union
14%
Waitrose
12%
Würth
11%
Woolrich
4%
Western Digital
3%
Wycon
2%
No matching quizzes found
Score Distribution
Percent of People with Each Score
Percentile by Number Answered
Your Score History
You have not taken this quiz